000 00482nam a2200181Ia 4500
005 20250317123256.0
008 008 250317s9999 xx 000 0 eng d
037 _aTextbook
040 _aFMSL
_beng
_cFMSL
041 _aeng
_2eng
084 _aX:8 K9
_qFMSL
100 _aCroff G K
_9740179
245 0 _aOperations management
260 _aLondon
_bLondon, Irwin-Dorsay
_c1969
300 _a440p
942 _cTB
_hX:8 K9
999 _c1250608
_d1250608